| 000 | 00529nam a2200181Ia 4500 | ||
|---|---|---|---|
| 999 |
_c901 _d901 |
||
| 003 | OSt | ||
| 005 | 20200915144724.0 | ||
| 008 | 190216s9999||||xx |||||||||||||| ||und|| | ||
| 020 | _a9788172317188 | ||
| 040 | _coclc | ||
| 082 |
_a492.7 _bRAH/E |
||
| 100 |
_aRahim, V Abdur _94607 |
||
| 245 | 0 |
_aEasy Arabic Course For English Speaking Students / _cV Abdur Rahim |
|
| 260 |
_bIslamic Book Service, _c2006. _aNew Delhi: |
||
| 300 | _a176p | ||
| 650 | _aArabic | ||
| 942 |
_cBK _2ddc _h492.7 _iRAH/E _k492.7 _mRAH/E |
||